Inclusión, dentro del artículo 9 del Reglamento para Prevenir y Controlar la Contaminación del Mar por Vertimiento de Desechos y Otras Materias, de los desechos producidos por los asentamientos humanos en las costas de nuestro país /

Guardado en:
Bibliografiske detaljer
Hovedforfatter: González Valdés, Rafael (autor)
Format: Tesis Bog
Sprog:spansk
Fag:
Tags: Tilføj Tag
Ingen Tags, Vær først til at tagge denne postø!

MARC

LEADER 00000nam^a2200000^a^4500
001 000112560
005 20250521000000.0
009 20260310093912.931
037 |a Acervo ITESO - Biblioteca 
041 |a ESP 
090 |a DER. 311 
100 |a González Valdés, Rafael  |e (autor) 
245 1 0 |a Inclusión, dentro del artículo 9 del Reglamento para Prevenir y Controlar la Contaminación del Mar por Vertimiento de Desechos y Otras Materias, de los desechos producidos por los asentamientos humanos en las costas de nuestro país /  |c R. González Valdés. 
264 |a Guadalajara, México :  |b edición de autor,  |c 2001 
300 |a 65 p. 
336 |a texto  |b txt  |2 rdacontenido 
337 |a sin mediación  |b n  |2 rdamedio 
338 |a volumen  |b nc  |2 rdasoporte 
502 |a ITESO Tesis de Licenciatura en Derecho 
649 |a XX 
650 |a Mar -  |z México -  |x Aspectos Jurídicos 
650 |a Conservación y Protección Ambiental -  |z México 
650 |a Aguas Territoriales -  |z México -  |x Aspectos Jurídicos 
650 |a Basura -  |z México -  |x Aspectos Jurídicos 
650 |a Movimientos Ecologistas -  |z México 
650 |a Derecho Ambiental -  |z México 
650 |a Ecología 
910 |a Fondo General 
920 |a Impresos - Tesis del ITESO 
930 |a Colección General 
905 |a 104 
901 |a 0500049535  |b IT2  |c TSS  |u 20250521 
902 |a https://opac.biblio.iteso.mx/vufind/Record/000112560